LIBRARY & INFORMATION CENTRE, KCAET, TAVANUR

ONLINE PUBLIC ACCESS CATALOGUE (OPAC)

Pre Degree Mathematics, Part 2 / (Record no. 3248)

MARC details
000 -LEADER
fixed length control field 00624cam a2200265ua 4500
041 ## - LANGUAGE CODE
Language code of text/sound track or separate title eng
082 ## - DEWEY DECIMAL CLASSIFICATION NUMBER
Classification number 510
Item number VAR/PR
100 ## - MAIN ENTRY--AUTHOR NAME
Personal name Varkey, Alukal.
245 ## - TITLE STATEMENT
Title Pre Degree Mathematics, Part 2 /
250 ## - EDITION STATEMENT
Edition statement 1 /
260 ## - PUBLICATION, DISTRIBUTION, ETC. (IMPRINT)
Place of publication Calicut :
Name of publisher University books.
300 ## - PHYSICAL DESCRIPTION
Number of Pages 241 ; .
650 ## - SUBJECT ADDED ENTRY--TOPICAL TERM
Topical Term Mathematics
942 ## - ADDED ENTRY ELEMENTS (KOHA)
Koha item type Books
Holdings
Withdrawn status Lost status Damaged status Home library Current library Date acquired Full call number Accession Number Koha item type
Withdrawn     KAUAET KAUAET 07/04/2012 510 12635 Books
    Damaged KAUAET KAUAET 07/04/2012 510 12532 Books
      KAUAET KAUAET 07/04/2012 510 12537 Books
Withdrawn   Damaged KAUAET KAUAET 07/04/2012 510 12533 Books
Withdrawn     KAUAET KAUAET 07/04/2012 510 12531 Books
Withdrawn     KAUAET Sanskrit University 07/04/2012 510 12541 Books
Withdrawn     KAUAET Sanskrit University 07/04/2012 510 12535 Books
free website counter